banner koha

Sensoriamento remoto e geoprocessamento aplicados ao uso da terra em microbacias hidrográficas, Botucatu - SP (Registro n. 184132)

MARC details
000 -LÍDER
campo de controle de tamanho fixo 00938nas a2200301 4500
001 - NÚMERO DE CONTROLE
campo de controle BR0504978
003 - IDENTIFICADOR DO NÚMERO DE CONTROLE
campo de controle BR-BrBNA
005 - DATA E HORÁRIO DA ÚLTIMA TRANSAÇÃO
campo de controle 20231205105701.0
007 - CAMPO FIXO DE DESCRIÇÃO FÍSICA--INFORMAÇÃO GERAL
campo de controle de tamanho fixo ta
008 - CAMPO DE DADOS FIXOS--INFORMAÇÃO GERAL
campo de controle de tamanho fixo 230509b bl.|||p| |||| 00| 00por d
040 ## - FONTE DA CATALOGAÇÃO
Instituição da catalogação original BR-BrBNA
Idioma da catalogação por
Instituição que transcreveu o registro Biblioteca Nacional de Agricultura
041 ## - CÓDIGO DE IDIOMA
Código do idioma do texto/trilha sonora ou título diferente (Pt)
072 ## - CÓDIGO DE CATEGORIA DE ASSUNTO
Código de Categoria de Assunto P10; E11; U40
100 1# - ENTRADA PRINCIPAL--NOME PESSOAL
Nome pessoal Campos, S.
100 1# - ENTRADA PRINCIPAL--NOME PESSOAL
Nome pessoal Araújo Júnior, A.A.
100 1# - ENTRADA PRINCIPAL--NOME PESSOAL
Nome pessoal Barros, Z.X.
100 1# - ENTRADA PRINCIPAL--NOME PESSOAL
Nome pessoal Cardoso, L.G.
100 1# - ENTRADA PRINCIPAL--NOME PESSOAL
Nome pessoal Piroli, E.L.
245 1# - TÍTULO
Título Sensoriamento remoto e geoprocessamento aplicados ao uso da terra em microbacias hidrográficas, Botucatu - SP
650 ## - ASSUNTO--TERMO TÓPICO
Cabeçalho tópico ou nome geográfico USO DA TERRA
650 ## - ASSUNTO--TERMO TÓPICO
Cabeçalho tópico ou nome geográfico MAPA
650 ## - ASSUNTO--TERMO TÓPICO
Cabeçalho tópico ou nome geográfico SENSORIAMENTO REMOTO
650 ## - ASSUNTO--TERMO TÓPICO
Cabeçalho tópico ou nome geográfico CONSERVAÇÃO DO SOLO
650 ## - ASSUNTO--TERMO TÓPICO
Cabeçalho tópico ou nome geográfico BACIA HIDROGRÁFICA
773 0# - ENTRADA ANALÍTICA
Título Engenharia Agrícola (Brazil)
ISSN - International Standard Serial Number ISSN 0100-6916
Partes relacionadas (May-Aug 2004), v. 24(2) p. 431-435
Número de controle do registro BR0504978
909 ## -
-- 202311
-- Lúcia
-- 55
-- Lúcia Elande
942 ## - ELEMENTOS DE ENTRADA ADICIONADOS (KOHA)
Fonte da classificação ou esquema de arquivamento na estante Classificação AGRIS
Ocultar no OPAC Não
Tipo de material Koha Analítica
Exemplares
Situação do descarte Fonte da classificação ou esquema de arquivamento na estante Situação física Não pode ser emprestado Biblioteca de origem Biblioteca atual Localização na estante Enumeração do periódico / cronologia Total de empréstimos Data de último acesso Número do exemplar Tipo de material Koha Fonte de aquisição
  Classificação AGRIS   Consulta local Biblioteca Nacional de Agricultura - Binagri Biblioteca Nacional de Agricultura - Binagri   (May-Aug 2004), v. 24(2) p. 431-435   29/11/2023 01 Periódicos Portaria Interministerial nº 164/94

BINAGRI

Telefone: (61)3218-2567/2388/3357/2097 - binagri@agro.gov.br

Ministério da Agricultura e Pecuária , Esplanada dos Ministérios, Bloco D, Anexo B, Brasília/DF, CEP: 70.043-900